000 01035cam a22002894a 4500
999 _c27181
_d27181
001 16826811
003 OSt
005 20170207151141.0
008 110614s2012 maua b 001 0 eng
010 _a 2011282464
020 _a9780205823246 (pbk.)
020 _a0205823246 (pbk.)
040 _aDLC
_cDLC
042 _apcc
050 0 0 _aLB2395.3
_b.M39 2012
100 1 _aMcWhorter, Kathleen T.
245 1 0 _aGuide to college reading /
_cKathleen T. McWhorter.
250 _a9th ed.
260 _aBoston, Mass. :
_bLongman,
_cc2012.
300 _axix, 537 p. :
_bcol. ill. ;
_c24 cm.
500 _aPrevious ed.: 2009.
504 _aIncludes bibliographical references and index.
650 0 _aReading (Higher education)
650 0 _aStudy skills.
650 0 _aReading (Higher education)
_vProblems, exercises, etc.
906 _a7
_bcbc
_corigres
_d3
_encip
_f20
_gy-gencatlg
942 _2lcc
_cBOOKS
_hLB 2395.3 .M36 2012